[Event "FIDE WCC Blitz Women 2019"]
[Site "Moscow"]
[Date "2019.12.30"]
[Round "15.48"]
[White "Dauletova, Gulmira"]
[Black "Serikbay, Assel"]
[Result "1-0"]
[WhiteElo "2112"]
[BlackElo "2028"]
[Annotator "NA"]
[PlyCount "87"]
[EventDate "2019.12.29"]
[EventType "swiss"]
[EventCountry "RUS"]
[SourceTitle "playchess.com"]
[Source "ChessBase"]
[SourceQuality "1"]

1. e4 c5 2. Nc3 e6 3. g3 Nc6 4. Bg2 g6 5. Nge2 Bg7 6. d3 Nge7 7. Be3 b6 8. d4 cxd4 9. Nxd4 O-O 10. O-O a6 11. a4 Bb7 12. Nb3 Ne5 13. Qe2 Rc8 14. Rad1 Nc4 15. Bc1 f5 16. Nd4 e5 17. Ne6 dxe6 18. Rxd8 Rfxd8 19. Rd1 Nd6 20. Be3 Nxe4 21. Bxe4 fxe4 22. Bxb6 Rxd1+ 23. Qxd1 Nd5 24. Nxd5 exd5 25. c3 Bc6 26. b4 h6 27. b5 axb5 28. axb5 Bb7 29. Qb3 Kh7 30. Qb4 d4 31. c4 d3 32. c5 Bd5 33. c6 Ra8 34. Ba5 Bf8 35. Qd2 Bd6 36. h4 Bc4 37. b6 Bd5 38. b7 Rf8 39. Qc3 e3 40. fxe3 e4 41. Bb4 Rd8 42. Bxd6 Bxc6 43. b8=Q Bb5 44. Qxb5 1-0

[Event "FIDE WCC Blitz Women 2019"]
[Site "Moscow"]
[Date "2019.12.30"]
[Round "15.49"]
[White "Kulon, Klaudia"]
[Black "Mikhaylova, Irina"]
[Result "0-1"]
[WhiteElo "2457"]
[BlackElo "2090"]
[Annotator "ChessBase"]
[PlyCount "110"]
[EventDate "2019.12.29"]
[EventType "swiss"]
[EventCountry "RUS"]
[SourceTitle "playchess.com"]
[Source "ChessBase"]
[SourceQuality "1"]

1. d4 Nf6 2. Bg5 d5 3. Bxf6 exf6 4. e3 c6 5. Nd2 Qb6 6. Rb1 Be7 7. Bd3 f5 8. Qf3 g6 9. h4 h5 10. Ne2 Nd7 11. Nf4 Nf6 12. c4 dxc4 13. Bxc4 Kf8 14. a3 a5 15. Nd3 Kg7 16. Ne5 Rf8 17. Qg3 Ng4 18. f3 Nxe5 19. Qxe5+ Bf6 20. Qg3 Re8 21. Be2 Rxe3 22. Nc4 Rxe2+ 23. Kxe2 Qxd4 24. Nd2 b6 25. Kd1 Ba6 26. Rc1 Rd8 27. Rc2 Bd3 28. Rc3 Qd5 29. Rc1 Bxb2 30. Re1 Bxc1 31. Kxc1 Bb5 32. Qe5+ Qxe5 33. Rxe5 Rd3 34. Nb1 c5 35. Re7 Ba4 36. Rb7 b5 37. Ra7 Re3 38. Rxa5 Re2 39. Nc3 Rc2+ 40. Kb1 Rxc3 41. Ra7 Rxa3 42. Kb2 Re3 43. Rc7 c4 44. Ka2 Re2+ 45. Ka3 Rxg2 46. Kb4 Rb2+ 47. Kc5 c3 48. Kd6 c2 49. Ke7 Rb1 50. Ke8 c1=Q 51. Rxf7+ Kh6 52. Kf8 Qc8+ 53. Ke7 Qc7+ 54. Kf6 Qxf7+ 55. Kxf7 Rf1 0-1

[Event "FIDE WCC Blitz Women 2019"]
[Site "Moscow"]
[Date "2019.12.30"]
[Round "15.50"]
[White "Nilssen, Ellen Fredericia"]
[Black "Gvanceladze, Anna"]
[Result "1-0"]
[WhiteElo "2162"]
[BlackElo "2066"]
[Annotator "NA"]
[PlyCount "59"]
[EventDate "2019.12.29"]
[EventType "swiss"]
[EventCountry "RUS"]
[SourceTitle "playchess.com"]
[Source "ChessBase"]
[SourceQuality "1"]

1. d4 d5 2. c4 c6 3. Nc3 Nf6 4. Nf3 dxc4 5. a4 Na6 6. e3 Bg4 7. Bxc4 e6 8. O-O Be7 9. h3 Bh5 10. Re1 Nb4 11. e4 Bxf3 12. gxf3 Qa5 13. d5 O-O-O 14. Qb3 cxd5 15. exd5 Nfxd5 16. Nb5 a6 17. Bxd5 Rxd5 18. Qc4+ Rc5 19. Na7+ Kb8 20. Bf4+ Ka8 21. Qd4 Nc2 22. Qd7 Nxe1 23. Qxe7 Nxf3+ 24. Kg2 Ne1+ 25. Rxe1 Qxe1 26. Qxc5 Qe4+ 27. Kg3 g5 28. Bd6 Rd8 29. Nc8 Qc6 30. Qa7# 1-0

[Event "FIDE WCC Blitz Women 2019"]
[Site "Moscow"]
[Date "2019.12.30"]
[Round "15.51"]
[White "Yakimova, Mariya"]
[Black "Shafigullina, Zarina"]
[Result "0-1"]
[WhiteElo "2128"]
[BlackElo "2052"]
[Annotator "NA"]
[PlyCount "90"]
[EventDate "2019.12.29"]
[EventType "swiss"]
[EventCountry "RUS"]
[SourceTitle "playchess.com"]
[Source "ChessBase"]
[SourceQuality "1"]

1. d4 d5 2. c4 c6 3. Nf3 Bf5 4. Nc3 Nf6 5. cxd5 cxd5 6. g3 Nc6 7. Bg2 h6 8. O-O e6 9. Bf4 Bd6 10. Ne5 g5 11. Nxc6 bxc6 12. Bxd6 Qxd6 13. Re1 Ne4 14. Nxe4 Bxe4 15. f3 Bg6 16. Qa4 O-O 17. Rac1 Rfc8 18. Rc5 e5 19. Rec1 exd4 20. Qxd4 Rab8 21. b3 Qe6 22. e4 dxe4 23. fxe4 Rd8 24. Qe3 Rb6 25. Ra5 Qd7 26. e5 Bf5 27. Rac5 Qd2 28. Qxd2 Rxd2 29. Rxc6 Rxg2+ 30. Kxg2 Rxc6 31. Rd1 Rc2+ 32. Kf3 Rxa2 33. Rd6 Be6 34. h4 Ra3 35. Ke4 Rxb3 36. hxg5 hxg5 37. Ra6 Rxg3 38. Rxa7 Kg7 39. Rc7 Rb3 40. Ra7 Kg6 41. Rc7 Kh5 42. Rc1 g4 43. Rh1+ Kg5 44. Rg1 Rb4+ 45. Ke3 Bf5 0-1

[Event "FIDE WCC Blitz Women 2019"]
[Site "Moscow"]
[Date "2019.12.30"]
[Round "15.52"]
[White "Khokhlova, Daria"]
[Black "Nazarova, Anastasia"]
[Result "1-0"]
[WhiteElo "2109"]
[BlackElo "2049"]
[Annotator "NA"]
[PlyCount "131"]
[EventDate "2019.12.29"]
[EventType "swiss"]
[EventCountry "RUS"]
[SourceTitle "playchess.com"]
[Source "ChessBase"]
[SourceQuality "1"]

1. d4 Nf6 2. c4 g6 3. Nc3 Bg7 4. e4 d6 5. Be2 O-O 6. f4 Nbd7 7. Nf3 c6 8. O-O a5 9. e5 Ne8 10. Bd3 Nc7 11. Re1 dxe5 12. fxe5 Ne6 13. Be3 Qc7 14. Bc2 Nb6 15. Qe2 c5 16. Nb5 Qb8 17. d5 Nd4 18. Nfxd4 cxd4 19. Bxd4 Nd7 20. e6 Nf6 21. Be5 fxe6 22. Bxb8 Rxb8 23. dxe6 b6 24. Rad1 Bb7 25. Nc7 Nh5 26. Nd5 Rbe8 27. Be4 Bxd5 28. cxd5 Nf4 29. Qb5 Rd8 30. Qxb6 Be5 31. Qxa5 Bxb2 32. Qb4 Bf6 33. Bf3 g5 34. g3 Ng6 35. Kg2 Rb8 36. Qc4 Ne5 37. Rxe5 Bxe5 38. Rd2 Bd6 39. Qg4 h6 40. Qh5 Kg7 41. Be4 Rf6 42. Rf2 Rbf8 43. Rxf6 Rxf6 44. a4 Bc5 45. Qe2 Rf8 46. a5 Bd6 47. a6 Ra8 48. Bd3 Ra7 49. Bb5 Rc7 50. Bc6 Ra7 51. Bb7 Bc5 52. Qb5 Be3 53. Kf3 Bg1 54. Qd7 Kf6 55. Qe8 Bxh2 56. Qf7+ Ke5 57. Qxe7 Bg1 58. d6 h5 59. d7 g4+ 60. Kg2 Bb6 61. d8=Q Bxd8 62. Qxd8 h4 63. gxh4 g3 64. e7 Rxb7 65. e8=Q+ Kf4 66. axb7 1-0

[Event "FIDE WCC Blitz Women 2019"]
[Site "Moscow"]
[Date "2019.12.30"]
[Round "15.53"]
[White "Druzhinina, Olga"]
[Black "Afonasieva, Anna"]
[Result "1-0"]
[WhiteElo "2245"]
[BlackElo "2099"]
[Annotator "NA"]
[PlyCount "73"]
[EventDate "2019.12.29"]
[EventType "swiss"]
[EventCountry "RUS"]
[SourceTitle "playchess.com"]
[Source "ChessBase"]
[SourceQuality "1"]

1. e4 c5 2. Nf3 d6 3. Bb5+ Nd7 4. O-O Ngf6 5. Re1 a6 6. Bf1 b5 7. a4 Qb6 8. axb5 g6 9. bxa6 Bxa6 10. c3 Bg7 11. d4 cxd4 12. cxd4 O-O 13. Bxa6 Rxa6 14. Rxa6 Qxa6 15. Nc3 Rb8 16. h3 Nb6 17. e5 Ne8 18. exd6 exd6 19. Qb3 Nf6 20. Re7 d5 21. Bf4 Rf8 22. Ne5 Nc4 23. Qb7 Qa1+ 24. Kh2 Qxb2 25. Rxf7 Qxb7 26. Rxb7 Ne4 27. Nxe4 Rxf4 28. Rb8+ Bf8 29. Ng5 Rxf2 30. Nd7 Ne3 31. Ne6 Rxg2+ 32. Kh1 Kf7 33. Nexf8 Rd2 34. Ne5+ Kf6 35. Nxh7+ Kf5 36. Rf8+ Ke4 37. Ng5+ 1-0

[Event "FIDE WCC Blitz Women 2019"]
[Site "Moscow"]
[Date "2019.12.30"]
[Round "15.54"]
[White "Agrest, Inna"]
[Black "Antova, Gabriela"]
[Result "1-0"]
[WhiteElo "2180"]
[BlackElo "1965"]
[Annotator "NA"]
[PlyCount "137"]
[EventDate "2019.12.29"]
[EventType "swiss"]
[EventCountry "RUS"]
[SourceTitle "playchess.com"]
[Source "ChessBase"]
[SourceQuality "1"]

1. e4 c5 2. Nf3 d6 3. d4 cxd4 4. Nxd4 Nf6 5. Nc3 a6 6. Bg5 e6 7. f4 h6 8. Bh4 Qb6 9. a3 Be7 10. Bf2 Qc7 11. h3 b5 12. Bd3 Bb7 13. Qe2 Nbd7 14. O-O Nc5 15. Rae1 O-O 16. f5 e5 17. Nf3 Rfe8 18. Bh4 Rad8 19. Kh1 Nh5 20. Qf2 Nxd3 21. cxd3 Nf4 22. Rd1 Bxh4 23. Qxh4 Qe7 24. Qxe7 Rxe7 25. Rfe1 Bc6 26. Kh2 a5 27. g3 Nh5 28. b4 Ra8 29. Ra1 Rc7 30. Rec1 Rcc8 31. bxa5 Rxa5 32. Nd5 Kf8 33. Nb4 Bd7 34. Nd2 Nf6 35. Nb3 Rxc1 36. Nxc1 Ke7 37. Nb3 Ra8 38. Kg2 g6 39. g4 Rc8 40. Kf3 Rc3 41. Na5 Rc7 42. Ke3 d5 43. exd5 gxf5 44. gxf5 Bxf5 45. Rf1 Bxh3 46. d6+ Kxd6 47. Rxf6+ Be6 48. Rxh6 Ra7 49. Nac6 Rxa3 50. Nd8 Kc5 51. Nxe6+ Kxb4 52. Nc7 f5 53. Rh5 e4 54. Rxf5 exd3 55. Rxb5+ Kc4 56. Rb8 Ra2 57. Nb5 Re2+ 58. Kf3 Re5 59. Nd6+ Kc3 60. Ne4+ Kc2 61. Rc8+ Kd1 62. Nf2+ Kd2 63. Ne4+ Kd1 64. Rd8 Kc2 65. Ke3 Re7 66. Rc8+ Kb2 67. Kxd3 Rd7+ 68. Ke3 Kb3 69. Nc5+ 1-0

[Event "FIDE WCC Blitz Women 2019"]
[Site "Moscow"]
[Date "2019.12.30"]
[Round "15.55"]
[White "Ovod, Evgenija"]
[Black "Karavaeva, Olga"]
[Result "1-0"]
[WhiteElo "2163"]
[BlackElo "2174"]
[Annotator "NA"]
[PlyCount "109"]
[EventDate "2019.12.29"]
[EventType "swiss"]
[EventCountry "RUS"]
[SourceTitle "playchess.com"]
[Source "ChessBase"]
[SourceQuality "1"]

1. e4 c5 2. c3 Nf6 3. e5 Nd5 4. Nf3 Nc6 5. Bc4 e6 6. d4 d6 7. O-O dxe5 8. dxe5 Be7 9. Qe2 O-O 10. Nbd2 Qc7 11. Bd3 h6 12. Qe4 f5 13. exf6 Nxf6 14. Qg6 Bd7 15. Ne4 Be8 16. Nxf6+ Rxf6 17. Qh7+ Kf8 18. Bg5 Bf7 19. Bxf6 Bxf6 20. Rfe1 Rd8 21. Rad1 Qf4 22. Qe4 Qc7 23. Bc4 Re8 24. Bb5 a6 25. Bxc6 bxc6 26. Ne5 Bxe5 27. Qxe5 Qxe5 28. Rxe5 c4 29. Rc5 Rb8 30. Rd2 Rb6 31. Rxc4 e5 32. Rc5 e4 33. a3 g5 34. Re5 Rb8 35. Rxe4 Bd5 36. Re3 Kf7 37. f3 Kf6 38. Kf2 h5 39. g3 a5 40. b4 axb4 41. axb4 Ra8 42. h4 gxh4 43. gxh4 Ra3 44. Kg3 Ra1 45. Rd4 Rg1+ 46. Kf2 Rc1 47. Ke2 Kf5 48. Kd2 Rb1 49. Kc2 Rf1 50. f4 Rh1 51. Re5+ Kg4 52. c4 Rh2+ 53. Kd3 Rh3+ 54. Re3 Be6 55. f5+ 1-0

[Event "FIDE WCC Blitz Women 2019"]
[Site "Moscow"]
[Date "2019.12.30"]
[Round "15.56"]
[White "Muetsch, Annmarie"]
[Black "Fatianova, Tatiana"]
[Result "1-0"]
[WhiteElo "2202"]
[BlackElo "2029"]
[Annotator "NA"]
[PlyCount "169"]
[EventDate "2019.12.29"]
[EventType "swiss"]
[EventCountry "RUS"]
[SourceTitle "playchess.com"]
[Source "ChessBase"]
[SourceQuality "1"]

1. e4 Nc6 2. d4 d5 3. e5 Bf5 4. c3 f6 5. Nf3 e6 6. Be2 fxe5 7. Nxe5 Nxe5 8. dxe5 Bc5 9. O-O Ne7 10. Nd2 O-O 11. Nf3 Ng6 12. h3 Be4 13. Nd4 Bxd4 14. cxd4 Nf4 15. f3 Bg6 16. Bxf4 Rxf4 17. Qd2 Qh4 18. Rfd1 Raf8 19. Kh2 Qf2 20. Rac1 c6 21. Rc3 h5 22. Qe3 Qxe3 23. Rxe3 h4 24. b4 a6 25. Rc3 Ra8 26. a4 Be8 27. Rb3 Kf7 28. g3 hxg3+ 29. Kxg3 Rf5 30. f4 Ke7 31. Bg4 Rf8 32. Rf1 Bd7 33. Rbf3 g6 34. Kf2 a5 35. Rb1 Bc8 36. b5 cxb5 37. Rxb5 Ra7 38. Rb2 Bd7 39. Ra2 Rc8 40. Rd3 Rc4 41. Rg3 Bxa4 42. Be2 Rb4 43. Rxg6 Bd7 44. Rg7+ Kd8 45. h4 Rxd4 46. Ke3 Re4+ 47. Kf3 Ra8 48. h5 Kc7 49. Rc2+ Kb6 50. Rxd7 Rh8 51. Kg3 Re3+ 52. Kf2 Rh3 53. Rb2+ Kc5 54. Rbxb7 Rh2+ 55. Ke3 Rh3+ 56. Kd2 Kd4 57. Ra7 Rh2 58. Rxa5 Ke4 59. Ra4+ Kf5 60. Ke3 Rh3+ 61. Kf2 Rh2+ 62. Ke1 Rh1+ 63. Kd2 d4 64. Rf7+ Ke4 65. Rd7 Kxf4 66. Rdxd4+ Kxe5 67. Re4+ Kf6 68. Ra6 Rh2 69. Raxe6+ Kf5 70. R6e5+ Kf6 71. Ke3 Rh3+ 72. Bf3 Ra8 73. Re6+ Kf7 74. Re7+ Kg8 75. Rf4 Ra3+ 76. Ke4 Ra4+ 77. Kf5 Ra5+ 78. Kg6 Rg3+ 79. Bg4 Ra6+ 80. Kg5 Ra5+ 81. Rf5 Ra4 82. Rf4 Ra5+ 83. Kh4 Rg1 84. Be6+ Kh8 85. Rf8+ 1-0

[Event "FIDE WCC Blitz Women 2019"]
[Site "Moscow"]
[Date "2019.12.30"]
[Round "15.57"]
[White "Lelekova, Olga"]
[Black "Ovezdurdiyeva, Jemal"]
[Result "1-0"]
[WhiteElo "2176"]
[BlackElo "1877"]
[Annotator "NA"]
[PlyCount "37"]
[EventDate "2019.12.29"]
[EventType "swiss"]
[EventCountry "RUS"]
[SourceTitle "playchess.com"]
[Source "ChessBase"]
[SourceQuality "1"]

1. e4 c5 2. Nf3 d6 3. d4 cxd4 4. Qxd4 Nf6 5. Nc3 Bd7 6. Bg5 Nc6 7. Qd2 e6 8. O-O-O Qa5 9. h4 Ng4 10. Bf4 O-O-O 11. Kb1 Qb6 12. Bg3 Nce5 13. Nd4 Be7 14. f3 Nf6 15. Bf2 d5 16. Ndb5 d4 17. Bxd4 Qa6 18. Nxa7+ Kb8 19. Bxa6 1-0

[Event "FIDE WCC Blitz Women 2019"]
[Site "Moscow"]
[Date "2019.12.30"]
[Round "15.58"]
[White "Munkhzul, Davaakhuu"]
[Black "Komiagina, Maria"]
[Result "1-0"]
[WhiteElo "1973"]
[BlackElo "2106"]
[Annotator "NA"]
[PlyCount "203"]
[EventDate "2019.12.29"]
[EventType "swiss"]
[EventCountry "RUS"]
[SourceTitle "playchess.com"]
[Source "ChessBase"]
[SourceQuality "1"]

1. e4 c5 2. Nf3 Nc6 3. d4 cxd4 4. Nxd4 Nf6 5. Nc3 d6 6. Bg5 e6 7. f4 h6 8. Bh4 Be7 9. Bb5 Bd7 10. Bxc6 bxc6 11. Qf3 Rb8 12. b3 Qb6 13. Rd1 O-O 14. Bf2 c5 15. Nde2 Bc6 16. O-O Rfd8 17. Ng3 d5 18. e5 Nh7 19. Qg4 Be8 20. f5 Bf8 21. Nh5 Qb4 22. Qh3 d4 23. Ne4 exf5 24. Qxf5 Bd7 25. Qf3 Bc6 26. Bh4 Bxe4 27. Qxe4 Re8 28. Qf5 Qb7 29. Kh1 Qd5 30. Rde1 Rb6 31. Qg4 Qe6 32. Qf3 Ng5 33. Bxg5 hxg5 34. Ng3 Rbb8 35. Ne4 Qg6 36. Qg3 Rbd8 37. Nxg5 Re7 38. Ne4 Qxg3 39. Nxg3 Rde8 40. Rf5 g6 41. Rff1 Rxe5 42. Rxe5 Rxe5 43. Kg1 Bh6 44. h3 Be3+ 45. Kh2 Re6 46. Ne2 Ra6 47. a4 Re6 48. Rd1 Kg7 49. Rd3 f5 50. c3 Rd6 51. cxd4 cxd4 52. b4 f4 53. b5 g5 54. a5 Rd5 55. b6 axb6 56. axb6 Rb5 57. Nxd4 Rxb6 58. Nf5+ Kf6 59. Nxe3 fxe3 60. Rxe3 Rb2 61. Kg3 Rc2 62. Rf3+ Kg6 63. Rf2 Rc3+ 64. Kg4 Rc4+ 65. Kg3 Rc3+ 66. Rf3 Rc2 67. Ra3 Rd2 68. Ra6+ Kf5 69. Ra5+ Kg6 70. Re5 Rc2 71. Kh2 Rd2 72. Re3 Rc2 73. Rg3 Kh5 74. Rg4 Rd2 75. Kg1 Rc2 76. Kh2 Rd2 77. Kg3 Rc2 78. Kf3 Rb2 79. Ke4 Rf2 80. Ke3 Rf7 81. Ra4 Kg6 82. Ke2 Re7+ 83. Kf3 Rc7 84. Ra6+ Kg7 85. Kg4 Rc2 86. g3 Rc5 87. Rb6 Rd5 88. Kh5 Kh7 89. g4 Kg7 90. Rg6+ Kf7 91. Rxg5 Rd3 92. h4 Rd8 93. Rf5+ Kg7 94. Kg5 Rd4 95. h5 Rc4 96. Ra5 Kh7 97. Ra7+ Kg8 98. h6 Rc5+ 99. Kg6 Rc6+ 100. Kh5 Rc1 101. g5 Rc6 102. Ra8+ 1-0

[Event "FIDE WCC Blitz Women 2019"]
[Site "Moscow"]
[Date "2019.12.30"]
[Round "15.59"]
[White "Novikova, Anna"]
[Black "Bogumil, Tatiana"]
[Result "0-1"]
[WhiteElo "2045"]
[BlackElo "1996"]
[Annotator "NA"]
[PlyCount "130"]
[EventDate "2019.12.29"]
[EventType "swiss"]
[EventCountry "RUS"]
[SourceTitle "playchess.com"]
[Source "ChessBase"]
[SourceQuality "1"]

1. e4 g6 2. d4 Bg7 3. Nc3 d6 4. h3 c6 5. a4 a5 6. Nf3 Nf6 7. Be3 Na6 8. Be2 O-O 9. O-O h6 10. Qd2 Kh7 11. Rfd1 Nb4 12. Rac1 Qc7 13. Bf4 Nd7 14. Bc4 e5 15. dxe5 dxe5 16. Be3 b6 17. Bb3 Nc5 18. Bxc5 bxc5 19. Bc4 Ra7 20. Qd6 Qxd6 21. Rxd6 f5 22. Nh4 Bf6 23. Nf3 Rd7 24. Rxd7+ Bxd7 25. Bb3 Bc8 26. Rd1 Kg7 27. Rd6 Be7 28. Rd1 Kf6 29. Nd2 Rd8 30. Nc4 Rxd1+ 31. Nxd1 Bd8 32. f3 Be6 33. Nde3 h5 34. h4 f4 35. Nd1 Bxc4 36. Bxc4 Nxc2 37. b3 Nd4 38. Kf2 Kg7 39. Nc3 Bxh4+ 40. Kf1 Bd8 41. Nd1 g5 42. Nf2 Kf6 43. Nd3 Be7 44. Nf2 Nc2 45. Ke2 Ne3 46. g3 Nxc4 47. bxc4 fxg3 48. Nd1 h4 49. Ne3 Kg6 50. Ng4 Bd6 51. Kf1 h3 52. Kg1 Kh5 53. Ne3 Bf8 54. Ng4 Bh6 55. Nf6+ Kg6 56. Ng4 Bg7 57. Kh1 Kh5 58. Kg1 Kh4 59. Ne3 g4 60. Nxg4 Kg5 61. Ne3 Kf4 62. Nf5 Bf6 63. Nd6 Kxf3 64. Ne8 Bg5 65. Nd6 Be3+ 0-1

[Event "FIDE WCC Blitz Women 2019"]
[Site "Moscow"]
[Date "2019.12.30"]
[Round "15.60"]
[White "Antonova, Nadezhda"]
[Black "Nur-Mukhametova, Alisa"]
[Result "1/2-1/2"]
[WhiteElo "1914"]
[BlackElo "1832"]
[Annotator "NA"]
[PlyCount "81"]
[EventDate "2019.12.29"]
[EventType "swiss"]
[EventCountry "RUS"]
[SourceTitle "playchess.com"]
[Source "ChessBase"]
[SourceQuality "1"]

1. d4 Nf6 2. Nf3 g6 3. Nbd2 d5 4. e3 Bg7 5. b4 O-O 6. a4 Nbd7 7. Bb2 a5 8. b5 Re8 9. Be2 Ne4 10. Nxe4 dxe4 11. Nd2 e5 12. d5 Nc5 13. O-O Qxd5 14. Bc4 Qd8 15. Qe2 Be6 16. Rfd1 Bxc4 17. Qxc4 Qe7 18. Ba3 b6 19. Nxe4 Qe6 20. Qxe6 Nxe6 21. Rd7 f5 22. Nc3 e4 23. Bb2 Rad8 24. Rad1 Rxd7 25. Rxd7 Rd8 26. Rxd8+ Nxd8 27. Nd1 Bxb2 28. Nxb2 Ne6 29. Kf1 Kf7 30. Ke2 Ke7 31. Kd2 Nc5 32. Kc3 Ke6 33. Kc4 g5 34. g3 h5 35. Kd4 Kd6 36. Nc4+ Ke6 37. Nb2 Kd6 38. Nc4+ Ke6 39. Nb2 Kd6 40. Nc4+ Ke6 41. Nb2 1/2-1/2

[Event "FIDE WCC Blitz Women 2019"]
[Site "Moscow"]
[Date "2019.12.30"]
[Round "15.61"]
[White "Sgircea, Silvia-Raluca"]
[Black "Guindy, Esmat Susanne"]
[Result "1-0"]
[WhiteElo "2154"]
[BlackElo "2120"]
[Annotator "NA"]
[PlyCount "52"]
[EventDate "2019.12.29"]
[EventType "swiss"]
[EventCountry "RUS"]
[SourceTitle "playchess.com"]
[Source "ChessBase"]
[SourceQuality "1"]

1. Nf3 d5 2. e3 Bf5 3. c4 e6 4. Nc3 Nf6 5. cxd5 exd5 6. Qb3 b6 7. Nd4 Bd7 8. Nxd5 c6 9. Nc3 Bd6 10. Be2 O-O 11. O-O c5 12. Nf3 Qc7 13. h3 Bc6 14. Nb5 Bxb5 15. Qxb5 Nc6 16. b3 Nb4 17. Bb2 a6 18. Qc4 b5 19. Qc1 Nd7 20. d4 Rac8 21. Qd2 Nf6 22. Rfc1 Qe7 23. dxc5 Bxc5 24. Nd4 Ne4 25. Qe1 Nd5 26. Nf5 Qg5 1-0

[Event "FIDE WCC Blitz Women 2019"]
[Site "Moscow"]
[Date "2019.12.30"]
[Round "16.1"]
[White "Arabidze, Meri"]
[Black "Lagno, Kateryna"]
[Result "1/2-1/2"]
[WhiteElo "2412"]
[BlackElo "2606"]
[Annotator "ChessBase"]
[PlyCount "32"]
[EventDate "2019.12.29"]
[EventType "swiss"]
[EventCountry "RUS"]
[SourceTitle "playchess.com"]
[Source "ChessBase"]
[SourceQuality "1"]

1. d4 Nf6 2. c4 g6 3. g3 Bg7 4. Bg2 O-O 5. e4 d6 6. Nc3 e5 7. Nge2 Nc6 8. d5 Ne7 9. O-O Nd7 10. Be3 f5 11. exf5 Nxf5 12. Ne4 Nxe3 13. fxe3 Nf6 14. N2c3 Bf5 15. Qd2 Nxe4 16. Nxe4 a5 1/2-1/2

[Event "FIDE WCC Blitz Women 2019"]
[Site "Moscow"]
[Date "2019.12.30"]
[Round "16.2"]
[White "Muzychuk, Anna"]
[Black "Bodnaruk, Anastasia"]
[Result "1-0"]
[WhiteElo "2504"]
[BlackElo "2375"]
[Annotator "ChessBase"]
[PlyCount "45"]
[EventDate "2019.12.29"]
[EventType "swiss"]
[EventCountry "RUS"]
[SourceTitle "playchess.com"]
[Source "ChessBase"]
[SourceQuality "1"]

1. e4 c5 2. Nf3 d6 3. Bb5+ Nd7 4. O-O a6 5. Bd3 Ngf6 6. c3 b5 7. a4 Bb7 8. axb5 axb5 9. Rxa8 Qxa8 10. Bxb5 Bxe4 11. d4 Bxb1 12. dxc5 Be4 13. Re1 Bc6 14. Nd4 Bxb5 15. Nxb5 Kd8 16. cxd6 exd6 17. Bf4 Qb7 18. Qa4 Nd5 19. Bxd6 N5b6 20. Qa5 Bxd6 21. Nxd6 Qd5 22. Qxd5 Nxd5 23. Nxf7+ 1-0

[Event "FIDE WCC Blitz Women 2019"]
[Site "Moscow"]
[Date "2019.12.30"]
[Round "16.3"]
[White "Lei, Tingjie"]
[Black "Tan, Zhongyi"]
[Result "0-1"]
[WhiteElo "2543"]
[BlackElo "2480"]
[Annotator "ChessBase"]
[PlyCount "85"]
[EventDate "2019.12.29"]
[EventType "swiss"]
[EventCountry "RUS"]
[SourceTitle "playchess.com"]
[Source "ChessBase"]
[SourceQuality "1"]

1. e4 d6 2. d4 Nf6 3. Nc3 g6 4. f4 Bg7 5. Bd3 Nc6 6. Nf3 Bg4 7. Be3 e5 8. fxe5 dxe5 9. d5 Nd4 10. Bxd4 exd4 11. Ne2 Nd7 12. O-O O-O 13. Qd2 Bxf3 14. Rxf3 c6 15. dxc6 bxc6 16. Rff1 Ne5 17. h3 c5 18. b3 Rc8 19. Nf4 c4 20. bxc4 Nxc4 21. Bxc4 Rxc4 22. Nd5 Qd6 23. Rf2 Qc5 24. Raf1 Ra4 25. Qg5 Rc4 26. Qd2 Ra4 27. Qg5 Rc4 28. Ne7+ Kh8 29. Nd5 Rxc2 30. Rxf7 d3+ 31. Kh2 Rxf7 32. Rxf7 Qd6+ 33. Nf4 d2 34. Qb5 Rc8 35. e5 Qxe5 36. Qd7 Rf8 37. Qxd2 g5 38. g3 gxf4 39. gxf4 Qf6 40. Kg3 a6 41. Qd7 h6 42. Qe8 Kh7 43. Kf3 0-1

[Event "FIDE WCC Blitz Women 2019"]
[Site "Moscow"]
[Date "2019.12.30"]
[Round "16.4"]
[White "Koneru, Humpy"]
[Black "Stefanova, Antoaneta"]
[Result "0-1"]
[WhiteElo "2489"]
[BlackElo "2452"]
[Annotator "ChessBase"]
[PlyCount "66"]
[EventDate "2019.12.29"]
[EventType "swiss"]
[EventCountry "RUS"]
[SourceTitle "playchess.com"]
[Source "ChessBase"]
[SourceQuality "1"]

1. d4 d5 2. c4 e6 3. Nc3 c6 4. e3 f5 5. Bd3 Nf6 6. Nge2 Bd6 7. f3 O-O 8. Qc2 Kh8 9. Bd2 dxc4 10. Bxc4 b5 11. Bd3 Na6 12. a3 Qc7 13. g3 Rb8 14. b4 Qe7 15. O-O Nc7 16. e4 fxe4 17. Nxe4 Nxe4 18. Bxe4 e5 19. Rae1 Bh3 20. Rf2 exd4 21. Nxd4 Rbe8 22. Nxc6 Qf7 23. Rfe2 Qh5 24. Qd3 Be5 25. f4 Bf6 26. Bf3 Qf7 27. Ne5 Bxe5 28. Rxe5 Rxe5 29. Rxe5 Qa2 30. Re2 Qa1+ 31. Re1 Qa2 32. Qd6 Rc8 33. Qd7 Bxd7 0-1

[Event "FIDE WCC Blitz Women 2019"]
[Site "Moscow"]
[Date "2019.12.30"]
[Round "16.5"]
[White "Galliamova, Alisa"]
[Black "Gunina, Valentina"]
[Result "0-1"]
[WhiteElo "2415"]
[BlackElo "2366"]
[Annotator "NA"]
[PlyCount "234"]
[EventDate "2019.12.29"]
[EventType "swiss"]
[EventCountry "RUS"]
[SourceTitle "playchess.com"]
[Source "ChessBase"]
[SourceQuality "1"]

1. d4 Nf6 2. g3 d5 3. c4 c6 4. Bg2 Bf5 5. Nc3 e6 6. Qb3 Qc8 7. Nf3 Nbd7 8. Nh4 Bg4 9. h3 Bh5 10. g4 Bg6 11. Nxg6 hxg6 12. Bf4 Be7 13. Rc1 dxc4 14. Qxc4 Nb6 15. Qd3 Qd7 16. O-O Bd6 17. Be5 Rd8 18. Rcd1 Bxe5 19. dxe5 Qxd3 20. Rxd3 Rxd3 21. exd3 Nfd7 22. d4 Ke7 23. Ne4 Nc4 24. b3 Ncb6 25. Nd6 Rb8 26. f4 Nc8 27. Nc4 Ncb6 28. Na5 Ke8 29. f5 gxf5 30. gxf5 exf5 31. Rxf5 g6 32. Rf2 Nc8 33. Re2 Ne7 34. Nc4 Kf8 35. Nd6 Nc8 36. Nxf7 Kxf7 37. e6+ Ke7 38. exd7+ Kxd7 39. Bf3 Ne7 40. Bg4+ Ke8 41. Kf2 Rd8 42. Rd2 Kf7 43. Ke3 Nd5+ 44. Kd3 Re8 45. Rf2+ Kg7 46. Rf3 Nb4+ 47. Kc4 Nc2 48. Kc3 Ne3 49. Bd7 Nd5+ 50. Kd2 Re7 51. Bg4 Nb4 52. a3 Nd5 53. Kd3 a5 54. h4 Nf6 55. Bc8 b6 56. a4 Nd5 57. Bg4 Re1 58. Bd7 Re7 59. Bg4 Nf6 60. Bh3 Re1 61. Rf1 Re7 62. Bg2 c5 63. dxc5 bxc5 64. Kc4 Re5 65. Kb5 Ng4 66. Rc1 Ne3 67. Bc6 c4+ 68. Ka6 cxb3 69. Rb1 Rc5 70. Bb5 Rc3 71. Kxa5 Nc2 72. Kb6 Nb4 73. a5 Nd5+ 74. Kb7 Rc7+ 75. Ka6 Rc3 76. Kb7 Kf6 77. a6 Rc7+ 78. Kb8 Rc5 79. Rxb3 Nc7 80. a7 Ke7 81. a8=Q Nxa8 82. Kxa8 Rh5 83. Rh3 Kf6 84. Be2 Re5 85. Bg4 Re4 86. Rg3 Re7 87. Kb8 Rh7 88. Rh3 Ke5 89. Kc8 Kf4 90. Be2 Re7 91. Bd3 Kg4 92. Rh1 Rh7 93. h5 Rh8+ 94. Kd7 gxh5 95. Be2+ Kg5 96. Kd6 h4 97. Kd5 Kf4 98. Kd4 Rd8+ 99. Kc3 Kg3 100. Bd3 h3 101. Rg1+ Kf2 102. Rh1 Rh8 103. Kd2 h2 104. Be4 Rd8+ 105. Kc3 Kg3 106. Ra1 Rf8 107. Kd4 Rb8 108. Ra7 Rh8 109. Ra1 Rb8 110. Ke3 Rb3+ 111. Kd4 Rb2 112. Ra3+ Kf2 113. Rh3 Kg1 114. Rg3+ Kf1 115. Rh3 Rb4+ 116. Kd3 Rb3+ 117. Kd4 Rxh3 0-1